| 000 | 00416nam a22001577a 4500 | ||
|---|---|---|---|
| 005 | 20250522115941.0 | ||
| 008 | 250522b |||||||| |||| 00| 0 eng d | ||
| 020 | _a9780393969986 | ||
| 050 |
_aHB172 _bVAR |
||
| 100 | _aVarian, Hal R. | ||
| 245 |
_aIntermediate microeconomics; _ba modern approach |
||
| 250 | _a4th | ||
| 260 |
_aNew York _bW.W. Norton and Company _cc1996 |
||
| 300 | _axv, 650p | ||
| 942 |
_2lcc _cBK _n0 |
||
| 999 |
_c5911 _d5911 |
||